Statistiques concernant Culture Générale - Série 883

Cliquez ici pour prendre le quiz!

Statistiques générales

  • Ce quiz a été pris 41 fois
  • Le résultat moyen est 6 sur 10

Statistiques - réponses

QuestionRéponse% Correct
Selon le titre d'un film de Stanley Kubrick, quel fruit est "mécanique" ?orange
97%
Combien y a-t-il de boules de cristal dans le titre d'un album de Tintin ?sept
95%
Le personnage créé par une société japonaise, représentant une petite chatte blanche avec un noeud rouge sur la tête, s'appelle "Hello...Kitty
87%
Selon l'expression, quel adjectif qualifie les dents d'une personne très ambitieuse ? Elle a les dents ...longues
82%
Au cirque, le régisseur de piste qui présente les numéros en habit de cérémonie s'appelle Monsieur...Loyal
79%
En 1984, dans le film “SOS Fantômes”, dans quelle ville les chasseurs de revenants opèrent-ils ?New York
67%
De 1962 à 1976, quelle émission consacrée au cirque était présentée par Roger Lanzac ?La Piste aux étoiles
51%
Qui est l'auteur du conte “Riquet à la houppe” ?Charles Perrault
49%
Selon la mythologie grecque, dans quel lieu, situé sous les Enfers, étaient enfermés les ennemis des dieux ?Le Tartare
21%
Dans l'hindouisme, comment appelle-t-on chacune des incarnations du dieu Vishnou ?avatar
18%

Distribution des résultats

Percentile par nombre de réponses

% des personnes avec chaque résultat

Votre développement - résultats

Vous n’avez pas pris ce quiz